00000000nam 2200000zi 4500
0019.954192
003CaOODSP
00520250818120141
006m     o  d f      
007cr cn|||||||||
008250818t20252025oncd    obs  f000 0 eng d
040 |aCaOODSP|beng|erda|cCaOODSP
043 |an-cn---
0861 |aCS14-28-0001/2025-1-3E-PDF
1001 |aLovei, Marton, |eauthor.
24510|aMedical or dental benefits coverage, 2024 / |cby Marton Lovei and Adam Abdille.
264 1|a[Ottawa] : |bStatistics Canada = Statistique Canada, |c2025.
264 4|c©2025
300 |a1 online resource (4 pages) : |bgraph.
336 |atext|btxt|2rdacontent
337 |acomputer|bc|2rdamedia
338 |aonline resource|bcr|2rdacarrier
4901 |aQuality of employment in Canada, |x2818-1247
500 |aCover title.
500 |a"Release date: August 18, 2025."
500 |aIssued also in French under title: Couverture des soins médicaux ou dentaires, 2024.
504 |aIncludes bibliographical references.
650 0|aHealth insurance|zCanada|vStatistics.
650 0|aDental insurance|zCanada|vStatistics.
655 7|aStatistics|2lcgft
7102 |aStatistics Canada, |eissuing body.
77508|tCouverture des soins médicaux ou dentaires, 2024 / |w(CaOODSP)9.954195
830#0|aQuality of employment in Canada,|x2818-1247|w(CaOODSP)9.940413
85640|qPDF|s223 KB|uhttps://publications.gc.ca/collections/collection_2025/statcan/14-28-0001/CS14-28-0001-2025-1-3-eng.pdf
8564 |qHTML|sN/A|uhttps://www150.statcan.gc.ca/n1/pub/14-28-0001/2025001/article/00003-eng.htm